000 nam a22 7a 4500
999 _c10646
_d10646
008 180220b ||||| |||| 00| 0 eng d
100 _aMalhotra,A.
_95493
245 _aThe Silver Lining-1
260 _aNew Delhi
_bSapphire